NASCAR Drivers By Last Names - Statistics

General Stats
  • This quiz has been taken 37 times
  • The average score is 14 of 15
Answer Stats
Hint Answer % Correct
Keselowski Brad
100%
Logano Joey
100%
Hamlin Denny
97%
Harvick Kevin
97%
Kenseth Matt
97%
Larson Kyle
94%
Stenhouse Jr. Ricky
94%
Reddick Tyler
94%
Bowman Alex
91%
Stewart Tony
91%
Buescher Chris
89%
Suarez Daniel
89%
Newman Ryan
89%
Pearson David
83%
Gragson Noah
83%
No matching quizzes found
Score Distribution
Percent of People with Each Score
Percentile by Number Answered
Your Score History
You have not taken this quiz